| 000 | 00973cam a2200301 4500 | ||
|---|---|---|---|
| 001 | X103649 | ||
| 008 | 000000n1998 000 0 eng u | ||
| 035 | _a(Sirsi) u103649 | ||
| 245 | _aFocus '98: Gloucestershire, Herefordshire & Worcestershire | ||
| 260 | _c1998 | ||
| 490 |
_aEstates Gazette _v5 December 1998, 75-93(13) |
||
| 650 | _aGLOUCESTERSHIRE | ||
| 650 | _aHEREFORDSHIRE | ||
| 650 | _aWORCESTERSHIRE | ||
| 650 | _aPLANNING AUTHORITIES | ||
| 650 | _aBROWNFIELD DEVELOPMENT | ||
| 650 | _aM5 CORRIDOR | ||
| 650 | _aPROPERTY-COMMERCIAL PROPERTY-COMMERCIAL PROPERTY MARKET | ||
| 650 | _aPROPERTY-COMMERCIAL PROPERTY-RETAIL PROPERTY-RETAIL PROPERTY MARKET | ||
| 650 | _aCHELTENHAM | ||
| 650 | _aPROPERTY-COMMERCIAL PROPERTY-OFFICE PROPERTY-OFFICE PROPERTY MARKET | ||
| 650 | _aGLOUCESTER | ||
| 650 | _aBARNWOOD | ||
| 650 | _aCIRENCESTER | ||
| 650 | _aSTROUD | ||
| 690 | _aPROPERTY-COMMERCIAL PROPERTY-COMMERCIAL PROPERTY MARKET | ||
| 942 | _n0 | ||
| 999 |
_c62241 _d62241 |
||